| 000 | 00455cam a2200181ua 4500 | ||
|---|---|---|---|
| 001 | 3638 | ||
| 008 | 111125n ii |||gr||||Z||||||eng | ||
| 020 | _a81-7022-267-2 | ||
| 040 | _cMAIN | ||
| 082 | _a001.42 | ||
| 100 |
_aMisra, R. P., _eAuthor. |
||
| 245 | 1 | 1 |
_aResearch methodology _cby R. P. Misra |
| 250 | _a1st. | ||
| 260 |
_aNew Delhi: _bConcept publishing company, _c2002. |
||
| 300 |
_a89p: _c23cm. |
||
| 653 | _aResearch methodology | ||
| 942 | _cBK | ||
| 999 |
_c3478 _d3478 |
||